[Event "Maceio Alagoano op"]
[Site "Maceio"]
[Date "2015.12.06"]
[Round "3"]
[White "De Lima, Alexsandro Barros"]
[Black "Silva, Flavio da Costa"]
[Result "1-0"]
[WhiteElo "1910"]
[BlackElo "1770"]
[PlyCount "47"]
[EventDate "2015.12.05"]
[EventType "swiss"]
[EventRounds "7"]
[EventCountry "BRA"]
[SourceTitle "CBM 170 Extra"]
[Source "ChessBase"]
[SourceDate "2016.02.25"]
[SourceVersion "1"]
[SourceVersionDate "2016.02.25"]
[SourceQuality "1"]

1. d4 e6 2. e4 b6 3. f4 Bb7 4. Nc3 Be7 5. Nf3 d6 6. Bd3 Nd7 7. 0-0 c6 8. Qe2 Qc7 9. a4 h6 10. Be3 Ngf6 11. h3 Nh5 12. Qf2 0-0-0 13. Nd2 Rdg8 14. a5 Nb8 15. axb6 axb6 16. d5 c5 17. Nb5 Qd8 18. Ra7 Bh4 19. Qf3 Ng3 20. Rfa1 g5 21. Nc4 gxf4 22. Ncxd6+ Qxd6 23. Nxd6+ Kd8 24. Rxb7 1-0